000 01024nam a2200301 a 4500
001 81377
003 BD-RjUL
005 20230514105725.0
008 230514s2006 enk b 001 0 eng
020 _a0826487793 (hardback)
020 _a9780826487797 (hardback)
035 _a(BD-RjUL)81377
040 _aDLC
_cDLC
_dYDX
_dBAKER
_dYUS
_dBD-RjUL
_beng
041 _aeng
082 0 0 _223
_a172.42
_bMAS 2006
100 1 _aMattox, John Mark.
_97416
245 1 0 _aSaint Augustine and the theory of just war /
_cJohn Mark Mattox.
260 _aLondon ;
_aNew York :
_bContinuum,
_c2006.
300 _ax, 196 p. ;
_c24 cm.
504 _aIncludes bibliographical references (p. [180]-190) and index.
600 0 0 _aAugustine,
_cof Hippo, Saint,
_d354-430.
600 0 0 _aAugustine,
_cof Hippo, Saint,
_d354-430
_xInfluence.
_97419
650 0 _aJust war doctrine.
_97420
650 0 _aWar
_xReligious aspects
_xChristianity.
_97421
942 _2ddc
_cBK
999 _c81377
_d81377